000 00317nam a2200121Ia 4500
008 190216s9999||||xx |||||||||||||| ||und||
100 _aNull
245 0 _aQuestion Bank Book Series
260 _bResearch Cell Association Of Indian Univ
_c1986
300 _a420p
650 _aQuestion Bank Book Series
942 _cREF
999 _c35960
_d35960